LEADER 00900nam a2200217 i 4500 001 000000125212 003 CaOOAMICUS 005 20040408000000.0 008 040408s1943 it u000 u ita u 013 $a97911 040 $aSeMil$bita 245 10$a(1861-1914) 300 $aXVI, 364 p. 650 4$aItalia - Storia - Sec. 19.$0(OLS)http://semarc/subject/238 650 4$aItalia - Storia - Sec. 20.$0(OLS)http://semarc/subject/254 700 1 $aMonti, Antonio <1882-1953>.$0(OLS)http://semarc/name/5489 773 0 $tStoria politica d'Italia.$b3. ed. completamente rifatta.$dMilano : Francesco Vallardi, 1937-1943.$w()11359 773 0 $aMonti, Antonio <1882-1953>$tRisorgimento.$dMilano : Francesco Vallardi, 1948-1955.$w()11369 850 $aSeMil 852 $aSeMil$W1$xVenegono$y1$m3WA VI 35$j79699$B79699$CSeMilBibl$Z2$F81818 $81 996 $6245$a(1861-1914)$9(OLS)http://semarc/title/184394 LEADER 01068nam a2200217 i 4500 001 000000038132 003 CaOOAMICUS 005 20130116000000.0 008 130116s1987 it u000 u ita u 013 $a8537 040 $aSeMil$bita 100 1 $aMazzolari, Primo,$d<1890-1959>.$0(OLS)http://semarc/name/3525 245 10$aAll'ascolto di Pietro :$bedizione speciale per l'innaugurazione della Sede della Fondazione Don Primo Mazzolari, Bozzolo 29 Giugno 1987 /$cPrimo Mazzolari. 260 $aVicenza :$bLa Locusta,$cstampa 1987. 300 $a51 p., [4] p. di tav. ;$c18 cm. 600 14$aMazzolari, Primo .$0(OLS)http://semarc/subject/5511 850 $aSeMil 852 $aSeMil$W1$xVenegono$y1$m5D IV 6/22$j254880$B4287$CSeMilBibl$Z2$F4287 $81 961 $aOmaggio: Deposito 996 $6245$aAll'ascolto di Pietro :$bedizione speciale per l'innaugurazione della Sede della Fondazione Don Primo Mazzolari, Bozzolo 29 Giugno 1987$9(OLS)http://semarc/title/53706 996 $6260$aVicenza :$bLa Locusta$9(OLS)http://semarc/publisher/31451